Shelter after disater. (Record no. 174947)
[ view plain ]
| 000 -LEADER | |
|---|---|
| fixed length control field | 00330nam a2200133Ia 4500 |
| 008 - FIXED-LENGTH DATA ELEMENTS--GENERAL INFORMATION | |
| fixed length control field | 210423s1982 xx 000 0 und d |
| 041 ## - LANGUAGE CODE | |
| Language code of text/sound track or separate title | eng |
| 082 ## - DEWEY DECIMAL CLASSIFICATION NUMBER | |
| Classification number | 658.477 UNDS |
| 100 ## - MAIN ENTRY--PERSONAL NAME | |
| Personal name | UNDRO |
| 245 ## - TITLE STATEMENT | |
| Title | Shelter after disater. |
| 260 ## - PUBLICATION, DISTRIBUTION, ETC. | |
| Place of publication, distribution, etc. | New York |
| Name of publisher, distributor, etc. | United Nations |
| Date of publication, distribution, etc. | 1982 |
| 365 ## - TRADE PRICE | |
| Currency code | INR |
| 906 ## - LOCAL DATA ELEMENT F, LDF (RLIN) | |
| a | after ; disater. ; Shelter |
| Withdrawn status | Lost status | Damaged status | Not for loan | Collection code | Home library | Current library | Date acquired | Total Checkouts | Full call number | Barcode | Date last seen | Price effective from | Koha item type |
|---|---|---|---|---|---|---|---|---|---|---|---|---|---|
| MSW | St Aloysius PG Library | St Aloysius PG Library | 11/19/2007 | 658.477 UNDS | PG021636 | 08/24/2022 | 04/26/2021 | Book |